000 00228 a2200097 4500
001 440
100 _aKindle,JH
245 _aTheory and problems of plane and swolid analytics geometry
260 _a
_bSchanm
_c
090 _c59
_d59
942 _aNUST-CAE
_cM
_c32377
999 _c235513
_d235513